| 000 | 01200nam0a22003371 4500 | ||
|---|---|---|---|
| 001 | RU\INFOCOMM_317\NLR\5000021779 | ||
| 005 | 20260408180603.0 | ||
| 035 | _a(NLR Aleph) 010598421 | ||
| 090 |
_a13537836 _c13537836 |
||
| 100 | _a20130321d1972 u y0rusy50 ca | ||
| 101 | 0 | _afre | |
| 102 | _aUA | ||
| 105 | _ay z|||| | ||
| 200 | 1 |
_aThe pomeron in DAMA _fA. I. Bugrij, L. L. Jenkovszky, N. A. Kobylinsky, V. P. Shelest |
|
| 210 |
_aKiev _d1972 |
||
| 215 |
_a12 с. _cчерт. _d21 см |
||
| 225 | 1 |
_aInstitute for theoretical physics _fAcad. of sciences of the Ukr. SSR _vITP-73-28E |
|
| 300 | _aРез. на рус. яз. | ||
| 300 | _aНа обороте тит. л.: А. И. Бугрий [и др.] Померон в ДАМА | ||
| 300 | _a"Submitted to "Lettere al "Nuovo cimento" | ||
| 320 | _aБиблиогр.: с. 12 | ||
| 606 |
_aПредставления (физ.) Мандельстама _3RU\NLR\AUTH\66903857 _91972273 |
||
| 620 | _aКиїв | ||
| 686 |
_a[В382.22] _2rubbk |
||
| 686 |
_aФз-125 _2rubbk |
||
| 701 | 1 |
_aBugrij _bA. I. |
|
| 801 | 0 |
_aRU _bINFOCOMM _gPSBO |
|
| 801 | 1 |
_aRU _bInfocomm _c20130321 |
|
| 852 |
_aNLR _jФз01 Д-4/397 |
||
| 942 | _cBOOK | ||
| 980 | _aNB | ||